[Event "Idaho Open"]
[Site "Pocatello, ID"]
[Date "2007.03.31"]
[Round "2.1"]
[White "Nowak, Gregory W"]
[Black "Vellotti, Daniel J"]
[Result "1-0"]
[WhiteElo "2161"]
[BlackElo "1751"]

1. g3 g6 2. c4 c5 3. Bg2 Bg7 4. Nc3 Nc6 5. a3 Nf6 6. Rb1 O-O 7. b4 d6 8. d3
Nd7 9. Bd2 Rb8 10. Qc1 Re8 11. Nh3 e6 12. Nf4 Nd4 13. e3 Nf5 14. O-O b6 15.
Qc2 Bb7 16. Bxb7 Rxb7 17. Qa4 Ne5 18. Kg2 g5 19. Nh5 Nxd3 20. Ne4 Rf8 21. Nxg7
Nxg7 22. Qc2 Ne5 23. bxc5 dxc5 24. Bc3 Nd7 25. Rbd1 f5 26. Nd6 Rb8 27. Ba1 Qe7
28. Rd2 Nf6 29. Rfd1 Rfd8 30. f3 Nge8 31. Nxe8 Rxd2+ 32. Rxd2 Rxe8 33. Qd3 Kf7
34. e4 fxe4 35. fxe4 Qb7 36. Rf2 e5 37. Qf3 Qe7 38. Qf5 h6 39. Qh7+ Ke6 40.
Qf5+ Kf7 41. Qh7+ Ke6 42. Qxh6 Rg8 43. Rf5 Qg7 44. Rxe5+ Kd7 45. Rd5+ Ke6 46.
Re5+ Kf7 47. Qxg7+ Rxg7 48. Rf5 Rg6 49. e5 Rg8 50. Rxf6+ Ke7 51. Kf3 Rd8 52.
Rd6 Rh8 53. Kg2 Rf8 54. h3 Rf5 55. Rf6 Rxf6 56. exf6+ Ke6 57. g4 a6 58. h4 Kf7
59. Kf3 Kg6 60. Ke4 a5 61. Ke5 Kf7 {#r} 1-0

[Event "Idaho Open"]
[Site "Pocatello, ID"]
[Date "2007.04.01"]
[Round "4.1"]
[White "Nowak, Gregory W"]
[Black "Reynolds, Garrett"]
[Result "1/2-1/2"]
[WhiteElo "2161"]
[BlackElo "1900"]

1. g3 g6 2. c4 e5 3. Bg2 Bg7 4. Nc3 Nc6 5. Rb1 a5 6. a3 f5 7. b4 axb4 8. axb4
Nf6 9. d3 Qe7 10. b5 Nd8 11. Nf3 d6 12. O-O Ne6 13. Ne1 O-O 14. Nc2 f4 15. e3
fxg3 16. fxg3 Nc5 17. Nb4 Bf5 18. Nbd5 Nxd5 19. Nxd5 Qd7 20. e4 Be6 21. Rxf8+
Kxf8 22. Be3 Bxd5 23. cxd5 b6 24. Bf3 Ra5 25. Bg4 Qe8 26. Qf1+ Kg8 27. Bxc5
dxc5 28. Be6+ Kh8 29. Kg2 Ra8 30. Ra1 Bh6 31. Ra6 Bg7 32. Qa1 Rd8 33. Ra7 Qe7
34. Ra8 Qg5 35. h4 Qe7 36. h5 Rxa8 37. Qxa8+ {(Black claimed a draw by
insufficient losing chances here. Moves were recorded only up to move 37, but
eventually Black put White into perpetual check even before 50 moves would
have upheld the claim.)} {#d} 1/2-1/2

[Event "Idaho Open"]
[Site "Pocatello, ID"]
[Date "2007.04.01"]
[Round "5.2"]
[White "Morrow, Hans M"]
[Black "Nowak, Gregory W"]
[Result "1/2-1/2"]
[WhiteElo "1936"]
[BlackElo "2161"]

1. d4 Nf6 2. c4 d6 3. Nc3 e5 4. dxe5 dxe5 5. Qxd8+ Kxd8 6. Bg5 c6 7. Nf3 Nbd7
8. O-O-O Kc7 9. Bxf6 Nxf6 10. Nxe5 Be6 11. e3 Bb4 12. f3 Bd6 13. Nd3 Bxc4 14.
b3 Be6 15. e4 Nd7 16. g3 h5 17. Nf4 Bxf4+ 18. gxf4 f6 19. h4 a5 20. Bh3 Bxh3
21. Rxh3 Rae8 22. Rg3 Re7 23. Ne2 Nc5 24. Kc2 Rd8 25. Rxd8 Kxd8 26. Nd4 Rc7
27. a3 Kd7 28. f5 Kd6 29. b4 axb4 30. axb4 Ke5 31. Ne2 Nxe4 32. fxe4 Kxe4 33.
Rg1 Kxf5 34. Kd3 Re7 35. Nd4+ Kf4 36. Rf1+ Kg4 37. Nf5 Re5 38. Nxg7 f5 39.
Rg1+ Kxh4 40. Rh1+ Kg5 41. Nxh5 Re4 42. Kc3 f4 43. Ng7 Kf6 44. Rg1 Re5 45. Kd4
Rd5+ 46. Ke4 Rb5 47. Kxf4 Rxb4+ 48. Ke3 Ke5 49. Kd3 b5 50. Kc3 Rc4+ 51. Kb3
Rf4 52. Ne8 Ke6 53. Nc7+ Kd6 54. Na6 {#d} 1/2-1/2

[Event "Idaho Open (Open)"]
[Site "Pocatello, ID"]
[Date "2008.04.05"]
[Round "1.1"]
[White "Holland, Morry R"]
[Black "Nowak, Gregory W"]
[Result "0-1"]
[WhiteElo "1685"]
[BlackElo "2162"]

1. e4 e6 2. g3 e5 3. d3 g6 4. Nc3 Bg7 5. Be3 Nf6 6. f3 c6 7. Qd2 d6 8. Nh3
Nbd7 9. Nf2 Qe7 10. Bh3 Nf8 11. Bxc8 Rxc8 12. Bxa7 Ne6 13. Be3 Nh5 14. Nh3 Nd4
15. O-O O-O 16. Ne2 Qd7 17. Kg2 Qe8 18. Nxd4 exd4 19. Bh6 Qe6 20. Bxg7 Nxg7
21. Qa5 f6 22. Qd2 Qe5 23. Ng1 Qb5 24. a4 Qc5 25. c4 dxc3 26. Qxc3 Ne6 27. Ne2
f5 28. Rac1 fxe4 29. dxe4 Qxc3 30. Rxc3 Ra8 31. Rd1 Rfd8 32. Nd4 Nf8 33. b3
Ra5 34. Ne2 Kf7 35. Rcd3 Ke7 36. Nf4 Re5 37. R3d2 Rc5 38. Kf2 g5 39. Ng2 Ne6
40. Ne3 Rc3 41. Rd3 Rxd3 42. Rxd3 Ng7 43. Nc4 Ne6 44. Ne3 Nc5 45. Rc3 Ke6 46.
Nc2 g4 47. Ke3 gxf3 48. Nd4+ Kf6 49. Nxf3 Nd7 50. b4 Re8 51. Kf4 Ra8 52. a5
Rf8 53. Nd2 {#R} 0-1

[Event "Idaho Open (Open)"]
[Site "Pocatello, ID"]
[Date "2008.04.05"]
[Round "2.1"]
[White "Nowak, Gregory W"]
[Black "Hoisington, Steve"]
[Result "1-0"]
[WhiteElo "2162"]
[BlackElo "1814"]

1. g3 d5 2. Nf3 c5 3. c4 Nf6 4. Bg2 Nc6 5. O-O e6 6. e3 Be7 7. b3 O-O 8. Bb2
d4 9. exd4 cxd4 10. Re1 Re8 11. a3 a5 12. d3 Bf8 13. Ne5 Nxe5 14. Rxe5 Ra7 15.
Nd2 Bd6 16. Rb5 e5 17. Ne4 Nxe4 18. Bxe4 Qc7 19. f4 Bd7 20. f5 Bxb5 21. cxb5
Qd7 22. Rc1 Rc8 23. Rc4 Raa8 24. Qc2 Rxc4 25. bxc4 Rc8 26. Qg2 b6 27. Qf3 Qe7
28. Qg4 Qf6 29. Bc1 h6 30. Bd5 Rd8 31. Qg6 Be7 32. h4 Kf8 33. Qxf6 Bxf6 34.
Kg2 Ke7 35. Be4 Rd6 36. Kh3 h5 37. a4 Ke8 38. Ba3 Rd8 39. Bc6+ Rd7 40. Kg2 Kd8
41. Bxd7 Kxd7 42. c5 bxc5 43. Bxc5 Bd8 44. Kf3 g6 45. Ke4 Bc7 46. Ba7 Ke7 47.
fxg6 fxg6 48. b6 {#r} 1-0

[Event "Idaho Open (Open)"]
[Site "Pocatello, ID"]
[Date "2008.04.06"]
[Round "4.1"]
[White "Nowak, Gregory W"]
[Black "Chen, Tony X"]
[Result "1-0"]
[WhiteElo "2162"]
[BlackElo "1934"]

1. g3 Nf6 2. c4 g6 3. Bg2 d5 4. Nf3 Bg7 5. O-O O-O 6. d4 c6 7. cxd5 cxd5 8.
Ne5 e6 9. Nc3 Nbd7 10. Nxd7 Qxd7 11. Bf4 b6 12. Qb3 Ba6 13. a4 Nh5 14. Be3
Rfc8 15. Nb5 Rc4 16. Qxc4 dxc4 17. Bxa8 Bxb5 18. axb5 Qxb5 19. Rxa7 Qxb2 20.
d5 Qe5 21. Rd1 Qb8 22. Ra2 exd5 23. Bxd5 Qc7 24. Ra8+ Bf8 25. Bh6 Ng7 26. Rda1
Qc5 27. e4 Qd6 28. R1a7 Qf6 29. Bg5 Qf3 30. Be7 Qd1+ 31. Kg2 h5 32. Rxf8+ Kh7
33. Bg5 {#r} 1-0

[Event "Idaho Open (Open)"]
[Site "Pocatello, ID"]
[Date "2008.04.06"]
[Round "5.1"]
[White "Morrow, Hans M"]
[Black "Nowak, Gregory W"]
[Result "1-0"]
[WhiteElo "1900"]
[BlackElo "2162"]

1. e4 e5 2. Nf3 d6 3. Nc3 Nf6 4. d4 exd4 5. Nxd4 Be7 6. h3 O-O 7. Be3 d5 8.
exd5 Bb4 9. Bd2 Bxc3 10. bxc3 Qxd5 11. Qf3 Re8+ 12. Be2 Qxf3 13. gxf3 b6 14.
Be3 Ba6 15. c4 Nbd7 16. Rg1 Ne5 17. Nb5 Bxb5 18. cxb5 Nd5 19. f4 Nxf4 20. Rg3
Nxe2 21. Kxe2 Nc4 22. Rag1 g6 23. Rg4 Nxe3 24. fxe3 Rad8 25. Ra4 Re5 26. Rxa7
Rc5 27. Rc1 Rdd5 28. h4 Rh5 29. c4 Rxh4 30. Kd3 Rg4 31. Ra8+ Kg7 32. Rd8 Rgg5
33. Rd7 Rgf5 34. a4 h5 35. a5 bxa5 36. Ra1 h4 37. e4 Rg5 38. Kd4 h3 39. Rh1
Kf6 40. Rxh3 Ke6 41. Rd5 Rcxd5+ 42. exd5+ Kd7 43. Ra3 Rg1 44. Rxa5 Rd1+ 45.
Kc5 g5 46. Ra7 Kd8 47. Kc6 Rc1 48. c5 g4 49. b6 cxb6 50. Kxb6 g3 51. Ra8+ Ke7
52. d6+ Kd7 53. Ra7+ Ke6 54. Re7+ Kf6 55. Re2 {#r} 1-0

[Event "Idaho Open (Open)"]
[Site "Pocatello, ID"]
[Date "2009.04.04"]
[Round "1.1"]
[White "Nowak, Gregory W"]
[Black "Sauer, Gary A"]
[Result "1-0"]
[WhiteElo "2129"]
[BlackElo "1610"]

1. g3 d5 2. Nf3 e6 3. Bg2 c5 4. O-O Nc6 5. c4 d4 6. d3 Bd6 7. e3 e5 8. Re1
Nge7 9. exd4 cxd4 10. a3 a5 11. c5 Bc7 12. Nbd2 O-O 13. Nc4 Ng6 14. h3 Be6 15.
Ng5 Bd5 16. Qh5 h6 17. Ne4 Qe7 18. Nf6+ Qxf6 19. Bxd5 Rad8 20. Be4 Rfe8 21.
Bd2 Nge7 22. Qg4 Nd5 23. Kg2 Kh8 24. h4 Qe7 25. Bg5 Nf6 26. Qf5 Qe6 27. Bxf6
Qxf5 28. Bxf5 gxf6 29. Rab1 Ne7 30. Be4 Nd5 31. Bxd5 Rxd5 32. b4 axb4 33. axb4
Rdd8 34. Kf3 f5 35. Ra1 Rd7 36. Ra2 Rde7 37. Rae2 f6 38. Nd2 h5 39. Nb3 Rd8
40. Ra2 b6 41. Ra7 bxc5 42. bxc5 Rde8 43. Nd2 Bb8 44. Rxe7 Rxe7 45. Rb1 Ba7
46. c6 Rc7 47. Rb7 Rxb7 48. cxb7 Kg8 49. Nc4 Kf7 50. Na5 Bb8 51. Nc6 Bd6 52.
b8=Q Bxb8 53. Nxb8 Ke7 54. Nc6+ Kd6 55. Nxd4 exd4 56. Kf4 Ke6 57. f3 Kd5 58.
Kxf5 Kc5 59. g4 Kb4 60. gxh5 Kc3 61. h6 {#r} 1-0

[Event "Idaho Open (Open)"]
[Site "Pocatello, ID"]
[Date "2009.04.04"]
[Round "2.1"]
[White "Roland, Jeffrey T"]
[Black "Nowak, Gregory W"]
[Result "0-1"]
[WhiteElo "1782"]
[BlackElo "2129"]

1. d4 Nf6 2. Nf3 d6 3. Nc3 c6 4. e4 Bg4 5. Be2 Nbd7 6. O-O Qc7 7. Be3 e5 8.
Qd2 Bxf3 9. Bxf3 Be7 10. dxe5 dxe5 11. Be2 Bc5 12. Rad1 O-O 13. Bxc5 Nxc5 14.
Qe3 Qb6 15. Rd2 Rad8 16. Rfd1 Rxd2 17. Rxd2 Re8 18. b3 Ne6 19. Qxb6 axb6 20.
g3 b5 21. Bd3 Rd8 22. Kg2 Kf8 23. f3 Nd4 24. Rd1 Ke7 25. Ne2 b4 26. Nxd4 Rxd4
27. Kf2 g5 28. g4 h5 29. h3 hxg4 30. hxg4 Rd8 31. Rh1 Ra8 32. Ra1 Nd7 33. Ke3
Nc5 34. Rh1 b5 35. Rh6 Ne6 36. Rh1 Rxa2 37. Rh6 Nd4 38. Rh5 Nxc2+ {#R} 0-1

[Event "Idaho Open (Open)"]
[Site "Pocatello, ID"]
[Date "2009.04.05"]
[Round "5.1"]
[White "Reynolds, Garrett"]
[Black "Nowak, Gregory W"]
[Result "1/2-1/2"]
[WhiteElo "1901"]
[BlackElo "2129"]

1. e4 e6 2. d4 d5 3. exd5 exd5 4. Bd3 Nc6 5. c3 Bd6 6. Qc2 Qh4 7. h3 Bg4 8.
Be3 O-O-O 9. Bf5+ Bxf5 10. Qxf5+ Kb8 11. Qxf7 Qe4 {#d} 1/2-1/2

[Event "Idaho Open (Open)"]
[Site "Pocatello, ID"]
[Date "2011.04.16"]
[Round "1.1"]
[White "Eacker, Barry D"]
[Black "Nowak, Gregory W"]
[Result "0-1"]
[WhiteElo "1612"]
[BlackElo "2114"]

1. d4 Nf6 2. Bf4 g6 3. e3 d6 4. Nd2 Bg7 5. Be2 Nc6 6. Ngf3 e6 7. c3 O-O 8. h4
Qe8 9. Qc2 e5 10. dxe5 Nxe5 11. Bxe5 dxe5 12. Ng5 Qe7 13. Bc4 Bf5 14. Qb3 c6
15. e4 Bg4 16. f3 Bc8 17. a4 a5 18. Ke2 Nh5 19. Nf1 h6 20. Nxf7 Rxf7 21. Bxf7+
Qxf7 22. Qxf7+ Kxf7 23. g3 Be6 24. Rd1 Bf8 25. Kf2 Bc5+ 26. Kg2 Ke7 27. Nd2
Rd8 28. Rhe1 Rd3 29. Nf1 Rxd1 30. Rxd1 g5 31. hxg5 hxg5 32. Nd2 Kf7 33. Rh1
Kg6 34. b3 b5 35. c4 bxa4 36. bxa4 Bb4 37. Nb1 Nf6 38. Rf1 Bxc4 39. Rc1 Bd3
40. Rd1 Bxb1 41. Rxb1 c5 42. Rc1 {#R} 0-1

[Event "Idaho Open (Open)"]
[Site "Pocatello, ID"]
[Date "2011.04.16"]
[Round "2.1"]
[White "Nowak, Gregory W"]
[Black "Manross, Sean"]
[Result "1/2-1/2"]
[WhiteElo "2114"]
[BlackElo "1906"]

1. g3 d5 2. Nf3 Nf6 3. Bg2 c6 4. O-O Bg4 5. c4 Bxf3 6. Bxf3 e6 7. cxd5 exd5 8.
d4 Bd6 9. Nc3 Nbd7 10. Rb1 a5 11. Qc2 O-O 12. Bg5 h6 13. Bf4 Bxf4 14. gxf4 Re8
15. Kh1 Nf8 16. Rg1 Ng6 17. Qf5 Qc8 18. Qxc8 Raxc8 19. e3 Nh4 20. Be2 Nf5 21.
Bd3 Nd6 22. Rbc1 Nfe4 23. Bxe4 Nxe4 24. Nxe4 Rxe4 25. Rc2 f6 26. f5 Rh4 27.
Rgc1 Rh5 28. Rc5 Rxf5 29. Kg2 Rg5+ 30. Kf3 Re8 31. Rxa5 Rf5+ 32. Ke2 Rh5 33.
Ra7 Rb8 34. Rc3 Rxh2 35. Rb3 Rh1 36. Rbxb7 Rxb7 37. Rxb7 Ra1 38. a3 Kh7 39.
Rc7 Ra2 40. Rxc6 Rxb2+ 41. Kf3 Ra2 42. Rc5 Rxa3 43. Rxd5 Ra7 44. Rd8 Kg6 45.
Kf4 Kf7 46. d5 g6 47. e4 h5 48. Rc8 Re7 49. d6 g5+ 50. Kf3 Rd7 {#d} 1/2-1/2

[Event "Idaho Open (Open)"]
[Site "Pocatello, ID"]
[Date "2011.04.17"]
[Round "4.2"]
[White "Nowak, Gregory W"]
[Black "Bartell, Fred"]
[Result "1-0"]
[WhiteElo "2114"]
[BlackElo "1600"]

1. g3 e5 2. c4 Nc6 3. Bg2 Nf6 4. a3 a5 5. Nc3 Bc5 6. e3 d6 7. Nge2 Ne7 8. Qc2
c6 9. d3 Bf5 10. Ne4 Nxe4 11. dxe4 Bg4 12. h3 Be6 13. b3 Rb8 14. Nc3 b5 15.
cxb5 cxb5 16. Nd5 Rc8 17. Qd3 Nxd5 18. exd5 Bd7 19. O-O Qf6 20. Bd2 Bb6 21.
Rac1 O-O 22. Rc6 Bxc6 23. dxc6 Rb8 24. Bd5 Bc7 25. e4 h5 26. Kg2 g5 27. Qf3
Qxf3+ 28. Kxf3 Bd8 29. Rc1 Rc8 30. a4 b4 31. Be3 Kg7 32. Ke2 g4 33. hxg4 hxg4
34. Rh1 Rh8 35. Rxh8 Kxh8 36. Kd3 Kg7 37. Kc4 Rb8 38. Kd3 Kf6 39. Ba7 Rc8 40.
Kc4 Bc7 41. Kb5 Ra8 42. Ka6 Bb8 43. Kb7 Rxa7+ 44. Kxb8 Re7 45. c7 Rxc7 46.
Kxc7 Ke7 47. Kb6 {#r} 1-0

[Event "Idaho Open (Open)"]
[Site "Pocatello, ID"]
[Date "2011.04.17"]
[Round "5.1"]
[White "Kobernat, Alan E"]
[Black "Nowak, Gregory W"]
[Result "1/2-1/2"]
[WhiteElo "2021"]
[BlackElo "2114"]

1. c4 e5 2. g3 Nf6 3. Bg2 c6 4. d4 d6 5. Nc3 Nbd7 6. Nf3 Be7 7. O-O e4 8. Ng5
d5 9. cxd5 cxd5 10. Qb3 Nb6 11. f3 exf3 12. Nxf3 O-O 13. Ne5 Be6 14. Qd1 Rc8
15. Qd3 Nc4 16. b3 Nd6 17. Bb2 a6 18. Rac1 {#d} 1/2-1/2

[Event "Idaho Open (Open)"]
[Site "Pocatello, ID"]
[Date "2012.04.21"]
[Round "1.1"]
[White "Nowak, Gregory W"]
[Black "Owen, Gary"]
[Result "1-0"]
[WhiteElo "2109"]
[BlackElo "1608"]

1. g3 e5 2. c4 Nf6 3. Bg2 Bc5 4. d3 Nc6 5. Nc3 d6 6. Nf3 O-O 7. O-O h6 8. a3
a6 9. e3 Ne7 10. b4 Ba7 11. h3 Be6 12. Qc2 Qd7 13. Kh2 Nh7 14. Bd2 f5 15. Rae1
Rae8 16. Ng1 c6 17. Nce2 d5 18. c5 Bb8 19. f4 e4 20. Nd4 Ng6 21. Bc3 Bc7 22.
Ba1 Bd8 23. Nge2 Bf6 24. Nxe6 Qxe6 25. Nd4 Bxd4 26. Bxd4 Nh8 27. Be5 Nf7 28.
d4 Nxe5 29. dxe5 Rd8 30. Qa2 Rfe8 31. Rd1 Nf8 32. Rf2 Rd7 33. Bf1 Kh7 34. Be2
d4 35. Bc4 Qg6 36. Rxd4 Red8 37. Rd6 Qe8 38. Rfd2 Rxd6 39. cxd6 b5 40. Bf7 Qd7
41. e6 {#r} 1-0

[Event "Idaho Open (Open)"]
[Site "Pocatello, ID"]
[Date "2012.04.21"]
[Round "2.1"]
[White "Roland, Jeffrey T"]
[Black "Nowak, Gregory W"]
[Result "0-1"]
[WhiteElo "1700"]
[BlackElo "2109"]

1. d4 Nf6 2. Nf3 d6 3. g3 Nbd7 4. c4 e5 5. Nc3 Be7 6. Bg2 O-O 7. e4 a6 8. O-O
c6 9. h3 Re8 10. Be3 Bf8 11. d5 cxd5 12. cxd5 b5 13. Nd2 Nb6 14. Rc1 Bd7 15.
Qb3 Qb8 16. a4 Nc4 17. Nxc4 bxc4 18. Qxc4 Rc8 19. Qa2 Be7 20. Ne2 Qb4 21.
Rxc8+ Rxc8 22. Nc3 Bd8 23. Rc1 Bb6 24. Bxb6 Qxb6 25. Ne2 Rxc1+ 26. Nxc1 Qb4
27. Nd3 Qxa4 28. Qxa4 Bxa4 29. Nb4 Bb5 30. f3 Kf8 31. Bf1 Bxf1 32. Kxf1 a5 33.
Nc6 a4 34. Ke2 Nd7 35. Kd2 g6 36. Ke3 Nb6 37. Kd3 f5 38. Na5 fxe4+ 39. fxe4
Ke7 40. Nc4 Nd7 41. Ke3 Nc5 42. Nb6 h6 43. Nc4 Kd7 44. Nb6+ Kc7 45. Nc4 Nd7
46. Kd3 Nc5+ 47. Ke3 g5 48. g4 Kd7 49. Nb6+ Kd8 50. Nc4 Kc7 51. Kf3 Nd3 52.
Na3 Kb6 53. Ke3 Nxb2 54. Kd2 Kc5 {#R} 0-1

[Event "Idaho Open (Open)"]
[Site "Pocatello, ID"]
[Date "2012.04.22"]
[Round "4.1"]
[White "Belanoff, Ted"]
[Black "Nowak, Gregory W"]
[Result "1-0"]
[WhiteElo "2077"]
[BlackElo "2109"]

1. e4 e5 2. Nf3 d6 3. d4 exd4 4. Qxd4 Nf6 5. Nc3 Be7 6. Bg5 O-O 7. O-O-O Nc6
8. Qd2 a6 9. Bd3 Be6 10. h4 Kh8 11. Rdg1 Nb4 12. a3 Nxd3+ 13. Qxd3 Ng4 14. Qd2
f6 15. Be3 Ne5 16. Nd4 Bg8 17. f4 Nc4 18. Qd3 d5 19. exd5 Bxd5 20. Rd1 Nxe3
21. Qxe3 Bc5 22. Qg3 Qd7 23. Nb3 Bd6 24. Rxd5 Rfe8 25. Rhd1 Qe7 26. Nd4 g6 27.
Nb3 Rad8 28. R5d3 Qe6 29. Nc5 Qf5 30. Rxd6 Rxd6 31. Rxd6 cxd6 32. Nxb7 Qd7 33.
Na5 Qa7 34. Kb1 Qc5 35. Nb3 Qc4 36. Qf3 a5 37. a4 Re1+ 38. Ka2 Rf1 39. Qa8+
Kg7 40. g3 Kh6 41. g4 Qf7 42. Qe4 Rf2 43. Nd5 f5 44. g5+ Kh5 45. Qe3 Rxc2 46.
Nf6+ Kxh4 47. Qe1+ Kh3 48. Qf1+ Rg2 49. Qf3+ Kh2 50. Nd5 Rg3 51. Qf2+ Rg2 52.
Qh4+ Kg1 53. Qe1+ Kh2 54. Ne3 Rg4 55. Nxg4+ {#r} 1-0

[Event "Idaho Open (Open)"]
[Site "Pocatello, ID"]
[Date "2012.04.22"]
[Round "5.2"]
[White "Nowak, Gregory W"]
[Black "Kircher, Caleb Paul"]
[Result "1-0"]
[WhiteElo "2109"]
[BlackElo "1777"]

1. Nf3 d5 2. g3 Nf6 3. Bg2 c6 4. d3 Bg4 5. h3 Bxf3 6. Bxf3 e5 7. Nd2 Nbd7 8.
e4 dxe4 9. dxe4 Be7 10. O-O O-O 11. Nc4 Nc5 12. Qe2 Qc7 13. Bd2 Ne6 14. Bg2 a5
15. a4 Nd4 16. Qd1 Bc5 17. c3 Ne6 18. Qe2 b6 19. Kh2 b5 20. Ne3 Bxe3 21. Bxe3
b4 22. f4 Rfd8 23. f5 Nf8 24. g4 bxc3 25. bxc3 h6 26. Bf3 Qd7 27. Rad1 Qe7 28.
Qc4 Rxd1 29. Rxd1 Qb7 30. h4 Rb8 31. g5 hxg5 32. hxg5 N6h7 33. Qc5 Qc7 34. Qd6
Rb2+ 35. Kh3 Qxd6 36. Rxd6 Ra2 37. Rxc6 Rxa4 38. Rc8 g6 39. f6 Ra2 40. Kg3 Ra1
41. Be2 Nxg5 42. Bxg5 Rg1+ 43. Kf2 Rxg5 44. c4 a4 45. c5 a3 46. c6 a2 47.
Rxf8+ Kxf8 48. c7 a1=Q 49. c8=R# 1-0